Statistics for Random Science #2

Click here to take the quiz!

General Stats

  • This quiz has been taken 416 times
  • The average score is 9 of 15

Answer Stats

QuestionAnswer% Correct
What is the Periodic Table a collection of?Elements
95%
What process requires sunlight, water and carbon dioxide?Photosynthesis
95%
What is the most common gas in the air?Nitrogen
92%
What chemical element has the symbol Na?Sodium
90%
Name a planet discovered by Galileo Galilei.Saturn
81%
What cells carry oxygen round the body?Red Blood Cells
72%
What is the study of earthquakes?Seismology
64%
What is the scientific process of a caterpillar changing into a butterfly?Metamorphosis
62%
A word meaning relating to the nose.Nasal
60%
Chemical formula for snow?H2O
56%
What organ produces proteins that are important in blood clotting?Liver
55%
What nationality was Alexander Graham Bell?Scottish
32%
Which bones in the hand are next to the Phalanges?Metacarpals
20%
The female part of the flower is made up of the stigma and the...Style
12%
Which element is number 39 in the Periodic Table?Yttrium
12%

Score Distribution

Percentile by Number Answered

Percent of People with Each Score

Your Score History

You have not taken this quiz